000 00613cam a2200241 i 4500
001 0000793
003 DO-SdBNP
005 20161108141727.0
007 0000793
008 100514s 1962 sp a | |||| 000 f spa
015 _a
017 _a
_b
035 _a
040 _aBPMSU
_bspa
_cBPMSU
_e
080 _a
100 1 _aGranch, H. C.
245 1 0 _aCuentos de Hadas Persas /
_h
_cH. C. Granch ; ilustraciones Jose Correas
260 _aBarcelona, España :
_bMolino,
_c1962.
300 _a91 p.:
_bil.
_c29 m
700 1 2 _aCorreas, José
_eil.
942 _2ddc
_cBK
956 _aYLOCKWARD
_810
_cBPMSU
999 _c11858
_d11858